| 000 | 01841nam1a22003131i 4500 | ||
|---|---|---|---|
| 001 | rc\4741115 | ||
| 005 | 20240726060428.0 | ||
| 021 |
_aRU _b[63-31803] |
||
| 021 |
_aRU _b[64-96114] |
||
| 035 | _a(NLR Aleph) 008737155 | ||
| 090 |
_a9510669 _c9510669 |
||
| 100 | _a20130416g19631964|||y0rusy50 ca | ||
| 101 | 0 | _arus | |
| 102 | _aRU | ||
| 105 | _a z ||||| | ||
| 200 | 1 |
_aОбщественно-политическое движение на Украине... _e[Сборник документов _fВвед. В.Д. Королюка и Г.И. Марахова, с. V-XXI _gРед. коллегия: В. Королюк и др. Т. 1-2] _g[Акад. наук СССР. Ин-т славяноведения. Гл. архивное упр. при Совете Министров СССР. Polska akad. nauk. Inst. historii. Naczelna dyrekcja archiwon panstwowych. Акад. наук УРСР. Iнститут iсторii. Архiвне управлiння при Радi Miniстрiв УРСР] |
|
| 210 |
_aКиiв _cВид. Акад. наук УРСР _d1963-1964 |
||
| 215 |
_a2 т. _d25 |
||
| 225 | 1 |
_aВосстание 1863 г. _eМатериалы и документы |
|
| 300 | _aТит. л. и введ. парал. на рус., укр. и польском яз. | ||
| 300 | _aНа переплете только загл. серии | ||
| 606 |
_aОбщественная мысль на Украине _z19 в. _jДокументы и материалы _2psbo |
||
| 606 |
_aРеволюционное движение на Украине _z19 в. _jДокументы и материалы _2psbo |
||
| 702 | 1 |
_aКоролюк _bВ.Д. _gВладимир Дорофеевич _4080 _4340 |
|
| 702 | 1 |
_aМарахов _bГ.И. _4080 |
|
| 801 | 0 |
_aRU _bNLR _gpsbo |
|
| 801 | 1 |
_aRU _bELAR _2rusmarc |
|
| 852 |
_aNLR _j63-7/1755 |
||
| 942 | _cBOOK | ||